000 01218nam a2200337 i 4500
999 _c200429240
_d47164
003 TR-AnTOB
005 20240417152236.0
008 111115t20112010tu a 000 0 tur d
020 _a9786051062921
_q(paperback)
040 _aBGZ
_beng
_erda
_cTR-AnTOB
041 0 _atur
049 _aBGZA
050 0 _aU55
_b.K86 2011
090 0 _aU55.
_bK86 2011
100 1 _aKundakçı, Hasan,
_d1937-
_4autor,
_9119411
245 1 0 _aMehmetçik'ten anılar :
_cGüneydoğu, Kıbrıs ve Kore anıları /.
_cHasan Kundakçı ; yayıncı ve genel yayın yönetmeni M. Faruk Bayrak ; yayın yönetmeni ve editör Rana Alpöz.
246 3 _aGüneydoğu, Kıbrıs ve Kore anıları
250 _a1. Basım: Ocak 2011.
264 1 _aİstanbul :
_bAlfa yayınları,
_c2011.
264 4 _c©2010
300 _avii, 245 pages :
_billustrations ;
_c21 cm.
336 _atext
_2rdacontent
_btxt
337 _aunmediated
_2rdamedia
_bn
338 _avolume
_2rdacarrier
_bnc
490 0 _aAlfa yayınları: 2155.Tarih-deneme: 3
651 0 _aTürkiye
_xTarih, Askeri
_y20. yüzyıl
_vBiyografi
_9119413
700 1 _aBayrak, M. Faruk
_4pbl
_910627
700 _aAlpöz, Rana
_4pbd
_4edt
_9119415
942 _2lcc
_cBK